Miraculous Ladybug: Characters - Statistics

General Stats
  • This quiz has been taken 5,115 times
  • The average score is 17 of 26
Answer Stats
Hint Answer % Correct
Main male character in his real form Adrien
98%
Nino's girlfriend as of "Animan" Alya
90%
Main male character in his superhero form Cat Noir
87%
Main female character in her real form Marinette
83%
She calls herself "Ladybug's biggest fan" Chloe
82%
Best friend of Adrien Agreste Nino
82%
Main female character in her superhero form Ladybug
81%
Loves to rollerblade and have races with Kim Alix
78%
Ladybug Kwami Tikki
75%
Known in one episode for having a failed crush on Chloe Kim
73%
Cat Kwami Plagg
73%
First and latest appearance in "Volpina" Lila
68%
Best friend of the mayor's daughter Sabrina
66%
Marinette and Adrien's favourite rock singer Jagged Stone
65%
Reflekta when she's akumatized Juleka
64%
Often shipped with Juleka Rose
64%
Moth Miraculous Wiedler Hawk Moth
63%
Often called "The Great Guardian" Master Fu
59%
A video game champion beat only by Adrien and Marinette Max
58%
The first ever akumatized person as of the current Ladybug and Cat Noir Ivan
56%
The youngest character, often babysat by Marinette Manon
55%
The Horrificator in her akumatized form Myléne
41%
Awesome reptile pet of a rock singer Fang
39%
Gets akumatized because of his crush Nathaniel
26%
Akumatized in the first episode Aurore
23%
Creates a statue of Ladybug and Cat Noir Theo
16%
No matching quizzes found
Score Distribution
Percent of People with Each Score
Percentile by Number Answered
Your Score History
You have not taken this quiz